The Economy of Ireland : Policy & performance
Guardat en:
| Autor principal: | |
|---|---|
| Format: | Llibre |
| Idioma: | Undetermined |
| Publicat: |
Dublin
Irish Management Institute
1975
|
| Matèries: | |
| Etiquetes: |
Afegir etiqueta
Sense etiquetes, Sigues el primer a etiquetar aquest registre!
|
| Thư viện lưu trữ: | Trung tâm Học liệu Trường Đại học Cần Thơ |
|---|
| LEADER | 00593nam a2200217Ia 4500 | ||
|---|---|---|---|
| 001 | CTU_83171 | ||
| 008 | 210402s9999 xx 000 0 und d | ||
| 082 | |a 338.9417 | ||
| 082 | |b O.36 | ||
| 100 | |a O'Hagan, J. W. | ||
| 245 | 4 | |a The Economy of Ireland : | |
| 245 | 0 | |b Policy & performance | |
| 245 | 0 | |c J. W. O'Hagan | |
| 260 | |a Dublin | ||
| 260 | |b Irish Management Institute | ||
| 260 | |c 1975 | ||
| 650 | |a Ireland,Ireland | ||
| 650 | |x Economic conditions,Economic policy | ||
| 650 | |y 1949- | ||
| 904 | |i Qhieu(sửa) | ||
| 980 | |a Trung tâm Học liệu Trường Đại học Cần Thơ | ||